| 000 | 00673pam a2200241 a 4500 | ||
|---|---|---|---|
| 005 | 20260322212030.0 | ||
| 008 | data | ||
| 010 | _a 98020368 | ||
| 020 | _a0764150979 | ||
| 020 | _a9780764150975 | ||
| 040 |
_aDLC _cDLC _dDLC |
||
| 050 | 0 | 0 |
_aSF422 _b.C65 1998 |
| 082 | 0 | 0 |
_a636.7/1/03 _221 |
| 092 | _a636.7 C65 1998 | ||
| 100 | 1 | _aCoile, D. Caroline. | |
| 245 | 1 | 0 |
_aEncyclopedia of dog breeds / _cD. Caroline Coile. |
| 260 |
_aHauppauge, NY : _bBarron's Educational Series, _cc1998. |
||
| 300 |
_axv, 328 p. : _bill. (some col.) ; _c30 cm. |
||
| 500 | _aIncludes index. | ||
| 650 | 0 |
_aDog breeds _vEncyclopedias. |
|
| 650 | 0 |
_aDog breeds _vPictorial works. |
|
| 001 | data | ||
| 999 |
_c704 _d704 |
||